European Countries in their Native Language - Statistics

General Stats
  • This quiz has been taken 99 times
  • The average score is 28 of 50
Answers on the Map
Answers color-coded by a green-red scale on the quiz's map according to % correct below.
 
Answer Stats
Answer % Correct
Éire | Ireland
94%
España
94%
Finland | Suomi
94%
France
94%
Italia
94%
Deutschland
93%
United Kingdom
93%
Portugal
92%
Lëtzebuerg | Luxembourg | Luxemburg
86%
België | Belgien | Belgique
85%
Danmark
83%
Nederland
82%
Österreich
82%
Polska
82%
Schweiz | Suisse | Svizra | Svizzera
82%
Andorra
80%
Liechtenstein
80%
San Marino
80%
Monaco
79%
Sverige
79%
Ísland
77%
Noreg | Norga | Norge
76%
România
73%
Moldova
68%
Latvija
63%
Eesti
62%
Hrvatska
61%
Malta
59%
Беларусь
58%
Україна
49%
Россия
46%
Slovensko
45%
Србија
44%
Magyarország
42%
Lietuva
41%
Ελλάδα
35%
Slovenija
32%
Црна Гора
30%
Česko
30%
Città del Vaticano | Civitas Vaticana
25%
Shqipëria
24%
Северна Македонија
17%
Боснa и Херцеговина
10%
България
7%
Κύπρος | Kıbrıs
1%
Հայաստան
0%
საქართველო
0%
Қазақстан
0%
Azǝrbaycan
0%
Türkiye
0%
No matching quizzes found
Score Distribution
Percent of People with Each Score
Percentile by Number Answered
Your Score History
You have not taken this quiz